[Event "39th Olympiad Women"]
[Site "Khanty-Mansiysk RUS"]
[Date "2010.09.30"]
[Round "9"]
[White "Senanayake, P.R."]
[Black "Alattar, Ghayda M."]
[Result "1-0"]
[WhiteTitle "WFM"]
[BlackTitle "WFM"]
[WhiteElo "1858"]
[BlackElo "1891"]
[Board "45.2"]
[WhiteTeam "SRI"]
[BlackTeam "JOR"]
[WhiteFideId "9900934"]
[BlackFideId "8101531"]
[EventDate "2010.09.21"]
[EventType "team"]

1. d4 Nf6 2. Nf3 e6 3. Bg5 b6 4. Nbd2 Bb7 5. e4 Be7 6. Bd3 d5 7. Bxf6 Bxf6 8. e5
Be7 9. Qe2 Nd7 10. O-O c5 11. c3 c4 12. Bc2 Ba6 13. Ne1 h5 14. f4 g6 15. Qf3 Qc7
16. Rf2 Bb7 17. a3 a5 18. a4 O-O-O 19. Rb1 Rdf8 20. Qe2 Rhg8 21. b3 cxb3 22.
Rxb3 Nb8 23. Bd3 Nc6 24. Ba6 g5 25. f5 exf5 26. Rxf5 h4 27. Qb5 Bd8 28. Bxb7+
Qxb7 29. Qxd5 Rg7 30. Ne4 Be7 31. Qc4 Kb8 32. Nc5 Bxc5 33. dxc5 Nxe5 34. Rxe5
Rg6 35. Rxb6 Rxb6 36. cxb6 Rd8 37. Qc7+ Qxc7 38. bxc7+ Kxc7 39. Rxa5 Rd1 40. Kf2
Rc1 41. Rxg5 Rxc3 42. Rg4 h3 43. g3 Ra3 44. Nf3 Ra2+ 45. Ke1 Ra1+ 46. Kd2 Ra2+
47. Kc1 Kd6 48. Rf4 Ke7 49. Kb1 Re2 50. a5 Rf2 51. a6 Rf1+ 52. Kb2 Rd1 53. Rd4
Rf1 54. a7 Rf2+ 55. Rd2 1-0

[Event "39th Olympiad Women"]
[Site "Khanty-Mansiysk RUS"]
[Date "2010.09.30"]
[Round "9"]
[White "Boshra, Alshaeby"]
[Black "Premanath, Dinushki"]
[Result "0-1"]
[WhiteElo "1798"]
[BlackElo "1853"]
[Board "45.3"]
[WhiteTeam "JOR"]
[BlackTeam "SRI"]
[WhiteFideId "8102937"]
[BlackFideId "9903542"]
[EventDate "2010.09.21"]
[EventType "team"]

1. d4 Nf6 2. c4 e6 3. Nf3 b6 4. g3 Ba6 5. Qc2 d5 6. Nbd2 Be7 7. Bg2 Bb7 8. O-O
O-O 9. Ne5 c5 10. e3 Nbd7 11. b3 Rc8 12. Bb2 Ba6 13. Rfd1 b5 14. Rac1 Qb6 15.
Qb1 bxc4 16. bxc4 Rb8 17. Ba1 Qc7 18. Qc2 cxd4 19. exd4 Ba3 20. cxd5 Qxc2 21.
Rxc2 Nxe5 22. dxe5 Nxd5 23. Nc4 Be7 24. Na5 Bb5 25. Bxd5 exd5 26. Rxd5 Ba4 27.
Rc1 Ba3 28. Rc4 Bb5 29. Rc3 Bb4 30. Rb3 Ba4 31. Rf3 Bxa5 32. Rxa5 Rb1+ 33. Kg2
Bc6 34. Bd4 Rd8 35. Rc5 Bxf3+ 36. Kxf3 h6 37. Ke4 Rb4 38. Rd5 Rxd5 39. Kxd5 Ra4
40. h4 Rxa2 41. g4 g6 42. Kc5 Kf8 43. Kb5 Ke7 44. f4 Ke6 45. f5+ gxf5 46. g5
hxg5 47. hxg5 Rg2 48. Bxa7 Kxe5 49. Be3 f4 0-1

[Event "39th Olympiad Women"]
[Site "Khanty-Mansiysk RUS"]
[Date "2010.09.30"]
[Round "9"]
[White "Al-Zarouni, Kholoud Essa"]
[Black "Naipal, Ekaterina"]
[Result "1-0"]
[WhiteTitle "WFM"]
[WhiteElo "1890"]
[BlackElo "1766"]
[Board "46.2"]
[WhiteTeam "UAE"]
[BlackTeam "SUR"]
[WhiteFideId "9301194"]
[BlackFideId "8200629"]
[EventDate "2010.09.21"]
[EventType "team"]

1. e4 c5 2. c3 d5 3. exd5 Qxd5 4. d4 e6 5. Nf3 Nc6 6. Na3 a6 7. Bc4 Qd8 8. dxc5
Qxd1+ 9. Kxd1 Bxc5 10. Ke2 b5 11. Bd3 Nf6 12. Nc2 e5 13. Ng5 Bb7 14. Ne4 Nxe4
15. Bxe4 Rd8 16. Be3 Bxe3 17. Nxe3 O-O 18. f3 Rfe8 19. a4 Re7 20. axb5 axb5 21.
Rhd1 Red7 22. Rxd7 Rxd7 23. Rd1 Rxd1 24. Kxd1 Na5 25. Bxb7 Nxb7 26. Kc2 Nd6 27.
Kb3 Kf8 28. Kb4 Ke7 29. Kc5 f5 30. c4 f4 31. Nd5+ Kd7 32. cxb5 e4 33. fxe4 Nxe4+
34. Kd4 Nd6 35. Nxf4 Nxb5+ 36. Kc5 Nc7 37. Kb6 g5 38. Nd3 Nd5+ 39. Kc5 Ke6 40.
b4 Nxb4 41. Nxb4 Kf5 42. Kd5 h5 43. Kd4 h4 44. Nd3 Kg4 45. Ke4 h3 46. g3 Kh5 47.
Kf5 1-0

[Event "39th Olympiad Women"]
[Site "Khanty-Mansiysk RUS"]
[Date "2010.09.30"]
[Round "9"]
[White "Dos Ramos, Rosangela"]
[Black "Al-Harmoudi, Mona"]
[Result "0-1"]
[BlackTitle "WIM"]
[WhiteElo "1733"]
[BlackElo "1821"]
[Board "46.3"]
[WhiteTeam "SUR"]
[BlackTeam "UAE"]
[WhiteFideId "8200521"]
[BlackFideId "9301631"]
[EventDate "2010.09.21"]
[EventType "team"]

1. e4 d5 2. exd5 Nf6 3. d4 Nxd5 4. c4 Nb6 5. Nc3 g6 6. Be3 Bg7 7. Be2 O-O 8. Qd2
Nc6 9. Nf3 Bg4 10. d5 Bxf3 11. gxf3 Ne5 12. b3 Qc8 13. h3 Rd8 14. f4 Nc6 15. Rd1
e6 16. Bf3 e5 17. fxe5 Nxe5 18. Bg2 Qf5 19. Kf1 Nexc4 20. bxc4 Nxc4 21. Qe2 Re8
22. Qxc4 Rxe3 23. Nb5 Be5 24. Qc5 Rd3 25. Qc2 Rxd1+ 26. Qxd1 a6 27. Na3 Bg3 28.
Qc2 Qf6 29. Qe4 Qxf2# 0-1

[Event "39th Olympiad Women"]
[Site "Khanty-Mansiysk RUS"]
[Date "2010.09.30"]
[Round "9"]
[White "Byun, Sungwon"]
[Black "Matoussi, Amina"]
[Result "1/2-1/2"]
[WhiteTitle "WCM"]
[WhiteElo "1615"]
[BlackElo "1772"]
[Board "48.1"]
[WhiteTeam "KOR"]
[BlackTeam "TUN"]
[WhiteFideId "13200852"]
[BlackFideId "5501164"]
[EventDate "2010.09.21"]
[EventType "team"]

1. e4 d6 2. d4 Nf6 3. Nc3 g6 4. Nf3 Bg7 5. g3 O-O 6. Bg2 Nbd7 7. O-O e5 8. dxe5
Nxe5 9. Bf4 Nfg4 10. Rb1 Nxf3+ 11. Bxf3 Ne5 12. Bg2 Be6 13. a3 Nc4 14. Qd3 Qf6
15. Nd5 Bxd5 16. Qxd5 Nxb2 17. Qxb7 Qc3 18. Qb3 Qxb3 19. cxb3 Rab8 20. b4 Nc4
21. Rb3 Bb2 22. Bc1 Bg7 23. Rd1 a5 24. Rdd3 axb4 25. Rxb4 Rxb4 26. axb4 Rb8 27.
Rb3 Na5 28. Rb1 Nc6 29. Bd2 Nd4 30. Kf1 c5 31. h4 cxb4 32. Rxb4 Ra8 33. Bc3 Nc6
34. Rc4 Bxc3 35. Rxc3 Ne5 36. f4 Ra1+ 37. Ke2 Ra2+ 38. Kf1 Ra1+ 39. Ke2 Ra2+ 1/2-1/2

[Event "39th Olympiad Women"]
[Site "Khanty-Mansiysk RUS"]
[Date "2010.09.30"]
[Round "9"]
[White "Lim, Hakyung"]
[Black "Marzouk, Amira"]
[Result "0-1"]
[BlackTitle "WCM"]
[WhiteElo "1579"]
[BlackElo "1745"]
[Board "48.3"]
[WhiteTeam "KOR"]
[BlackTeam "TUN"]
[WhiteFideId "13200615"]
[BlackFideId "5501148"]
[EventDate "2010.09.21"]
[EventType "team"]

1. d4 d5 2. c4 e6 3. Nc3 Nf6 4. cxd5 exd5 5. Bg5 c6 6. e3 Qb6 7. Qc2 Ne4 8. Nxe4
dxe4 9. a3 Qa5+ 10. Qc3 Qxg5 11. Ne2 Bd6 12. Qc2 Be6 13. Qxe4 Nd7 14. Nc3 Nf6
15. Qc2 O-O 16. Rc1 Rfe8 17. e4 Bf4 18. Rd1 Bf5 19. f3 Qh4+ 20. Qf2 Qxf2+ 21.
Kxf2 Be6 22. g3 Bc7 23. Bg2 Rad8 24. f4 Bb6 25. Ne2 Bg4 26. e5 Bxe2 27. Kxe2 Nd5
28. Rd3 Nc7 29. Rhd1 f6 30. b4 fxe5 31. dxe5 Rxd3 32. Rxd3 Nb5 33. a4 Nd4+ 34.
Kd2 Rd8 35. a5 Bc7 36. Kc3 Nb5+ 37. Kc4 Rxd3 38. Kxd3 Kf7 39. h4 Bd8 40. Kc4 Be7
41. Bf1 Kg6 42. Bd3+ Kh6 0-1

[Event "39th Olympiad Women"]
[Site "Khanty-Mansiysk RUS"]
[Date "2010.09.30"]
[Round "9"]
[White "Al-Khelaifi, Salama"]
[Black "Sabure, Tuduetso"]
[Result "0-1"]
[WhiteTitle "WFM"]
[BlackTitle "WGM"]
[WhiteElo "1736"]
[BlackElo "2019"]
[Board "49.1"]
[WhiteTeam "QAT"]
[BlackTeam "BOT"]
[WhiteFideId "12100048"]
[BlackFideId "11300248"]
[EventDate "2010.09.21"]
[EventType "team"]

1. d4 d5 2. Nc3 Nf6 3. Bg5 Ne4 4. Nxe4 dxe4 5. e3 g6 6. Bc4 Bg7 7. Ne2 c6 8. Bf4
Bg4 9. h3 Bxe2 10. Qxe2 Qa5+ 11. c3 Nd7 12. Qc2 e5 13. dxe5 Bxe5 14. Bxe5 Nxe5
15. Be2 f5 16. g4 O-O-O 17. Rg1 Nd3+ 18. Bxd3 exd3 19. Qd2 Rhf8 20. a3 Qe5 21.
O-O-O fxg4 22. hxg4 Qd5 23. Kb1 h5 24. f4 Rfe8 25. Rg3 h4 26. Rh3 g5 27. f5 Qe4
28. Rg1 Rd6 29. Kc1 c5 30. Rh2 Qxe3 31. Qxe3 Rxe3 32. Kd2 Rf3 33. c4 Rd4 34. b3
Re4 35. Rgg2 Ref4 36. Rg1 Kd7 37. Kc3 d2+ 38. Kc2 Rd4 39. Rd1 Ke7 40. Re2+ Kf7
41. Rdxd2 Rxd2+ 42. Rxd2 h3 43. Rh2 Rg3 44. Rh1 Kf6 45. b4 cxb4 46. axb4 Rxg4
47. Rxh3 Rxc4+ 48. Kb3 Rh4 49. Rc3 Rh7 50. Rf3 g4 51. Rf4 Rg7 52. Kc4 g3 53. Rf1
g2 54. Rg1 Rg3 55. Kd4 Kxf5 56. b5 Kf4 57. Kc5 Rg6 58. Kd4 Kf3 59. Kd3 a6 60.
bxa6 bxa6 61. Kd2 Rd6+ 62. Kc3 Rh6 63. Kb4 Rh1 0-1

[Event "39th Olympiad Women"]
[Site "Khanty-Mansiysk RUS"]
[Date "2010.09.30"]
[Round "9"]
[White "Lopang, Tshepiso"]
[Black "Al-khelaifi, Aisha"]
[Result "0-1"]
[WhiteTitle "WCM"]
[WhiteElo "1932"]
[BlackElo "1635"]
[Board "49.2"]
[WhiteTeam "BOT"]
[BlackTeam "QAT"]
[WhiteFideId "11300515"]
[BlackFideId "12100625"]
[EventDate "2010.09.21"]
[EventType "team"]

1. d4 d5 2. Nf3 Nf6 3. Bf4 c6 4. Nbd2 e6 5. a3 a6 6. h3 Nbd7 7. e3 Be7 8. Bd3
O-O 9. O-O c5 10. c4 h6 11. cxd5 Nxd5 12. Bg3 b5 13. dxc5 Nxc5 14. Bb1 Nf6 15.
Qc2 Bb7 16. Be5 Ncd7 17. Bd4 Rc8 18. Qd1 Bc5 19. Ba2 Bxd4 20. Nxd4 Qb6 21. Rc1
Rfd8 22. b4 Ne5 23. Qe2 Nd5 24. Rxc8 Rxc8 25. Qh5 Ng6 26. N2b3 Nc3 27. Ra1 Bd5
28. Bb1 e5 29. Bxg6 Qxg6 30. Qxg6 fxg6 31. Nf3 Bxb3 32. Nxe5 g5 33. Kf1 Ne4 34.
f3 Nd2+ 35. Ke2 Nc4 36. Rc1 Re8 37. Nxc4 Bxc4+ 38. Kf2 Rd8 39. e4 Rd2+ 40. Kg3
Ra2 41. Rc3 Bf1 42. Kg4 Rxg2+ 43. Kf5 Bc4 44. Kg6 Rd2 45. e5 Re2 46. Kf5 Kf7 47.
f4 gxf4 48. Kxf4 Ke6 49. Rg3 g5+ 50. Kg4 Kxe5 51. Kh5 Kf4 52. Rg4+ Kf5 53. Kxh6
Re6+ 54. Kg7 Re3 55. Rd4 Rxh3 56. Rd6 Rxa3 57. Rd8 g4 58. Rf8+ Kg5 59. Re8 g3
60. Re5+ 0-1

[Event "39th Olympiad Women"]
[Site "Khanty-Mansiysk RUS"]
[Date "2010.09.30"]
[Round "9"]
[White "Safar, Reem"]
[Black "Mudongo, Boikhutso"]
[Result "1-0"]
[WhiteTitle "WFM"]
[BlackTitle "WFM"]
[WhiteElo "1702"]
[BlackElo "1876"]
[Board "49.3"]
[WhiteTeam "QAT"]
[BlackTeam "BOT"]
[WhiteFideId "12100269"]
[BlackFideId "11300230"]
[EventDate "2010.09.21"]
[EventType "team"]

1. d4 Nf6 2. c4 e6 3. Nc3 b6 4. e4 d6 5. Bd3 Bb7 6. f3 Be7 7. Nge2 c5 8. d5 O-O
9. O-O Na6 10. a3 Nc7 11. Ng3 h6 12. Bc2 Re8 13. Qd3 Nd7 14. e5 Nf8 15. Ba4 Nd7
16. dxe6 Nxe5 17. exf7+ Nxf7 18. Bxe8 Qxe8 19. Re1 Ne5 20. Qe2 Qf7 21. b3 Re8
22. Bb2 Ng6 23. Qc2 d5 24. Rad1 dxc4 25. bxc4 Bh4 26. Rxe8+ Qxe8 27. Nce4 Bxg3
28. hxg3 Bc6 29. Qd3 Ne7 30. Qd6 Na6 31. Qe5 Qf7 32. Rd8+ Kh7 33. Nd6 Qg6 34.
Kh2 Bxf3 35. Qxe7 Bxg2 1-0

[Event "39th Olympiad Women"]
[Site "Khanty-Mansiysk RUS"]
[Date "2010.09.30"]
[Round "9"]
[White "Greenidge, Nathali"]
[Black "Awad, Omaima"]
[Result "1/2-1/2"]
[BlackTitle "WCM"]
[WhiteElo "2016"]
[BlackElo "1669"]
[Board "51.1"]
[WhiteTeam "BAR"]
[BlackTeam "YEM"]
[WhiteFideId "11100281"]
[BlackFideId "9400117"]
[EventDate "2010.09.21"]
[EventType "team"]

1. e4 e5 2. Nf3 Nc6 3. Bc4 Bc5 4. c3 Qe7 5. O-O d6 6. d4 Bb6 7. h3 h6 8. Re1 Nf6
9. d5 Nd8 10. Nbd2 O-O 11. Nf1 Nh7 12. a4 a6 13. Be3 Bxe3 14. Rxe3 f5 15. exf5
Bxf5 16. Nxe5 Qh4 17. Ng4 Bxg4 18. Qxg4 Qxf2+ 19. Kh1 Rf4 20. Qe2 Qxe2 21. Bxe2
Nf6 22. Bf3 Nf7 23. b3 Ne5 24. c4 Nxf3 25. gxf3 Re8 26. Rae1 Rxe3 27. Rxe3 Kf7
28. Nd2 Rd4 29. Nf1 Nd7 30. Kg2 Nc5 31. Kf2 b5 32. axb5 axb5 33. Rc3 bxc4 34.
bxc4 Na4 35. Rc2 Nb6 36. Ne3 Kg6 37. Rc1 Kf6 38. Kg3 Ke5 39. Ng4+ Kf5 40. Ne3+
Ke5 41. Ng4+ Kf5 42. Ne3+ Ke5 1/2-1/2

[Event "39th Olympiad Women"]
[Site "Khanty-Mansiysk RUS"]
[Date "2010.09.30"]
[Round "9"]
[White "Soondarsingh, Aditi"]
[Black "Nakagawa, Emiko"]
[Result "0-1"]
[BlackTitle "WCM"]
[WhiteElo "1829"]
[BlackElo "1806"]
[Board "54.1"]
[WhiteTeam "TRI"]
[BlackTeam "JPN"]
[WhiteFideId "7700598"]
[BlackFideId "7000480"]
[EventDate "2010.09.21"]
[EventType "team"]

1. e4 c6 2. Nc3 d5 3. Nf3 Bg4 4. d4 dxe4 5. Nxe4 Bxf3 6. Qxf3 Qxd4 7. c3 Qb6 8.
Bc4 e6 9. O-O Nd7 10. Be3 Qc7 11. Bf4 Qb6 12. Bd6 Ngf6 13. Bxf8 Kxf8 14. Nxf6
Nxf6 15. Bb3 Qc7 16. Rad1 Ke7 17. Qe3 b6 18. Qg5 Rhg8 19. Rfe1 h6 20. Qe3 Rgd8
21. h3 c5 22. Qf3 Rxd1 23. Rxd1 Rd8 24. Ba4 Rxd1+ 25. Qxd1 Qd6 26. Qf3 Qc7 27.
c4 h5 28. Qd3 Qf4 29. b3 g6 30. Bc6 g5 31. Qd1 h4 32. Qd3 g4 33. hxg4 Qxg4 34.
a3 Qd4 35. Qf3 e5 36. Ba4 Qe4 37. Bc6 Qxf3 38. Bxf3 Ke6 39. Kh2 Kf5 40. Kh3 Kg5
41. b4 e4 42. Be2 Nd7 43. f4+ Kxf4 44. Kxh4 Ne5 45. bxc5 bxc5 46. a4 Ke3 47. Bh5
Kd4 48. Kg5 Kxc4 49. Kf4 Kd4 50. g4 c4 51. g5 c3 52. Bd1 e3 0-1

[Event "39th Olympiad Women"]
[Site "Khanty-Mansiysk RUS"]
[Date "2010.10.01"]
[Round "10"]
[White "Voiska, Margarita"]
[Black "Kosintseva, Nadezhda"]
[Result "0-1"]
[WhiteTitle "WGM"]
[BlackTitle "IM"]
[WhiteElo "2314"]
[BlackElo "2565"]
[Board "1.2"]
[WhiteTeam "BUL"]
[BlackTeam "RUS1"]
[WhiteFideId "2900602"]
[BlackFideId "4134974"]
[EventDate "2010.09.21"]
[EventType "team"]

1. d4 Nf6 2. Nf3 d5 3. c4 e6 4. Nc3 Bb4 5. cxd5 exd5 6. Qa4+ Nc6 7. Bg5 h6 8.
Bxf6 Qxf6 9. e3 O-O 10. Be2 Be6 11. a3 Bd6 12. Nb5 Bg4 13. Nxd6 Qxd6 14. Rc1 Ne7
15. Qb4 Qxb4+ 16. axb4 c6 17. b5 Rfc8 18. bxc6 Nxc6 19. Rc3 Na5 20. Nd2 Be6 21.
O-O Rxc3 22. bxc3 Rc8 23. Ra1 b6 24. Ra3 Kf8 25. f3 Ke7 26. Kf2 g5 27. e4 f5 28.
Ke3 fxe4 29. fxe4 dxe4 30. c4 Kd7 31. d5 Bf5 32. Kd4 Kd6 33. g4 Bg6 34. Rh3 Rh8
35. Nb1 e3 36. Nc3 Nb3+ 37. Kxe3 Kc5 38. Rf3 Re8+ 39. Kf2 Nd4 40. Rf6 Nxe2 41.
Rc6+ Kb4 42. Nxe2 Bd3 43. Nd4 Re4 44. Nf3 Bxc4 45. d6 Re2+ 46. Kg1 Ra2 47. d7
Ra1+ 48. Kf2 Rd1 49. Rc8 Rxd7 50. Rxc4+ Kxc4 51. Ne5+ Kc3 52. Nxd7 b5 53. Nf6 b4
54. Ke2 Kc2 55. Nd5 b3 56. Nb4+ Kc3 57. Nd5+ Kd4 58. Ne3 b2 59. Nc2+ Kc3 60. Na3
Kb3 61. Nb1 Kc2 62. Na3+ Kc1 0-1

[Event "39th Olympiad Women"]
[Site "Khanty-Mansiysk RUS"]
[Date "2010.10.01"]
[Round "10"]
[White "Galliamova, Alisa"]
[Black "Videnova, Iva"]
[Result "1-0"]
[WhiteTitle "IM"]
[BlackTitle "WIM"]
[WhiteElo "2482"]
[BlackElo "2283"]
[Board "1.3"]
[WhiteTeam "RUS1"]
[BlackTeam "BUL"]
[WhiteFideId "4129725"]
[BlackFideId "2907763"]
[EventDate "2010.09.21"]
[EventType "team"]

1. d4 Nf6 2. c4 e6 3. Nf3 b6 4. g3 Ba6 5. Qb3 Nc6 6. Nbd2 Na5 7. Qc3 c5 8. dxc5
bxc5 9. e4 Bb7 10. e5 Ne4 11. Nxe4 Bxe4 12. Bg2 Nc6 13. O-O Bxf3 14. Qxf3 Rb8
15. Re1 Nd4 16. Qd3 Be7 17. b3 Qc7 18. Bb2 d6 19. Bxd4 cxd4 20. Qxd4 dxe5 21.
Qe4 Bc5 22. Rac1 Bd4 23. c5 f5 24. Qc2 O-O 25. Qc4 Kf7 26. b4 Rfd8 27. c6 e4 28.
Bxe4 fxe4 29. Rxe4 Bf6 30. Rxe6 Kf8 31. Rce1 Re8 32. Qc5+ Kf7 33. Qh5+ g6 34.
Qxh7+ Bg7 35. Qxg6+ 1-0

[Event "39th Olympiad Women"]
[Site "Khanty-Mansiysk RUS"]
[Date "2010.10.01"]
[Round "10"]
[White "Velcheva, Maria"]
[Black "Gunina, Valentina"]
[Result "0-1"]
[WhiteTitle "WGM"]
[BlackTitle "WGM"]
[WhiteElo "2272"]
[BlackElo "2465"]
[Board "1.4"]
[WhiteTeam "BUL"]
[BlackTeam "RUS1"]
[WhiteFideId "2903210"]
[BlackFideId "4167570"]
[EventDate "2010.09.21"]
[EventType "team"]

1. e4 c6 2. d4 d5 3. exd5 cxd5 4. c4 Nf6 5. Nc3 g6 6. Qb3 Bg7 7. cxd5 O-O 8. Be2
Na6 9. Bf3 Qb6 10. Qxb6 axb6 11. Nge2 Nb4 12. O-O Rd8 13. Bg5 Nfxd5 14. Nxd5
Nxd5 15. Nc3 Be6 16. Bxd5 Bxd5 17. Bxe7 Rd7 18. Bb4 Bxd4 19. Nxd5 Rxd5 20. Bc3
Bxc3 21. bxc3 Ra3 22. c4 Rc5 23. Rab1 Rc6 24. Rb2 Rc3 25. Rfb1 R3xc4 26. g3 Rc1+
27. Rxc1 Rxc1+ 28. Kg2 Rc6 29. Rd2 b5 30. Rd7 Rb6 31. h4 b4 32. g4 Kg7 33. g5
Rb5 34. Kg3 Kf8 35. Rc7 b3 36. axb3 Rxb3+ 37. f3 Rb1 38. Rd7 b5 39. Rb7 b4 40.
Kg2 b3 41. Kh2 Ke8 42. Kg2 Kd8 43. Rxf7 Kc8 44. Rf4 Rc1 45. Rb4 Rc2+ 46. Kg3 b2
47. Kf4 Re2 48. Kg4 Kc7 49. h5 Kc6 50. hxg6 hxg6 51. f4 Kd5 52. Rb8 Ke4 53. Re8+
Kd3 54. Rb8 Kc2 55. Kf3 Re1 56. Rc8+ Kd3 57. Rd8+ Kc4 0-1

[Event "39th Olympiad Women"]
[Site "Khanty-Mansiysk RUS"]
[Date "2010.10.01"]
[Round "10"]
[White "Harika, Dronavalli"]
[Black "Hou, Yifan"]
[Result "1/2-1/2"]
[WhiteTitle "IM"]
[BlackTitle "GM"]
[WhiteElo "2515"]
[BlackElo "2578"]
[Board "2.1"]
[WhiteTeam "IND"]
[BlackTeam "CHN"]
[WhiteFideId "5015197"]
[BlackFideId "8602980"]
[EventDate "2010.09.21"]
[EventType "team"]

1. d4 Nf6 2. c4 e6 3. Nc3 Bb4 4. a3 Bxc3+ 5. bxc3 d5 6. cxd5 exd5 7. e3 Bf5 8.
Ne2 O-O 9. f3 c5 10. g4 Be6 11. Bg2 Nc6 12. O-O cxd4 13. cxd4 Rc8 14. h3 Na5 15.
Rb1 Re8 16. Nf4 h6 17. Re1 Rc4 18. Rb4 Rc7 19. Rb1 Rc4 20. Bf1 Rc8 21. Bg2 Rc4
22. Bf1 Rc8 23. Rb2 Qd6 24. Rg2 Qb6 25. h4 1/2-1/2

[Event "39th Olympiad Women"]
[Site "Khanty-Mansiysk RUS"]
[Date "2010.10.01"]
[Round "10"]
[White "Ju, Wenjun"]
[Black "Karavade, Eesha"]
[Result "1-0"]
[WhiteTitle "WGM"]
[BlackTitle "IM"]
[WhiteElo "2516"]
[BlackElo "2365"]
[Board "2.2"]
[WhiteTeam "CHN"]
[BlackTeam "IND"]
[WhiteFideId "8603006"]
[BlackFideId "5012600"]
[EventDate "2010.09.21"]
[EventType "team"]

1. d4 d5 2. c4 e6 3. Nf3 Nf6 4. g3 Bb4+ 5. Bd2 Bd6 6. Bg2 c6 7. Qc2 O-O 8. O-O
Nbd7 9. a4 Qe7 10. cxd5 exd5 11. Nc3 Re8 12. Nh4 Nf8 13. Nf5 Bxf5 14. Qxf5 Qe6
15. Qxe6 Nxe6 16. e3 a5 17. Rfd1 Nc7 18. Na2 Ne4 19. Be1 Bf8 20. Nc1 Nd6 21. Bf1
Rec8 22. Nb3 b6 23. Nc1 Ne6 24. Nd3 Ne4 25. Rac1 Nf6 26. Ne5 c5 27. dxc5 Rxc5
28. Rxc5 Bxc5 29. Nc6 Rc8 30. Bb5 Nd8 31. Ne5 Rc7 32. Bc3 Kf8 33. Nd3 Ne6 34.
Be5 Rc8 35. Nxc5 bxc5 36. Bxf6 gxf6 37. Rxd5 c4 38. h4 c3 39. bxc3 Rxc3 40. Rd7
Nc7 41. Be2 Rc5 42. Kg2 Ke8 43. Rd4 Nd5 44. g4 h6 45. Kf3 Ke7 46. Bc4 Nb4 47.
Re4+ Kf8 48. Bb5 Nd5 49. Rc4 Rxc4 50. Bxc4 Nb4 51. Ke4 Ke7 52. Kd4 Nc6+ 53. Kc5
Ne5 54. Be2 1-0

[Event "39th Olympiad Women"]
[Site "Khanty-Mansiysk RUS"]
[Date "2010.10.01"]
[Round "10"]
[White "Huang, Qian"]
[Black "Mohota, Nisha"]
[Result "1/2-1/2"]
[WhiteTitle "WGM"]
[BlackTitle "WGM"]
[WhiteElo "2436"]
[BlackElo "2332"]
[Board "2.4"]
[WhiteTeam "CHN"]
[BlackTeam "IND"]
[WhiteFideId "8602689"]
[BlackFideId "5004330"]
[EventDate "2010.09.21"]
[EventType "team"]

1. d4 d5 2. Nf3 Nf6 3. c4 e6 4. Nc3 Be7 5. Bg5 O-O 6. e3 h6 7. Bh4 b6 8. Be2 Bb7
9. O-O Nbd7 10. Rc1 dxc4 11. Bxc4 a6 12. a4 c5 13. Qe2 cxd4 14. Nxd4 Nc5 15.
Rfd1 Qe8 16. Bg3 Nfe4 17. Nxe4 Nxe4 18. Bc7 Qxa4 19. f3 Nf6 20. Bxb6 Qb4 21. Bc7
Rfc8 22. Bd3 Bd8 23. Bg3 Qb6 24. Bf2 Be7 25. Bc4 Bc5 26. Nb3 Bf8 27. e4 Qb4 28.
Be1 Qb6+ 29. Bf2 Qb4 30. Be1 Qb6+ 31. Qf2 Qxf2+ 32. Bxf2 a5 33. Bb5 a4 34. Rxc8
Bxc8 35. Nd4 a3 36. bxa3 Rxa3 37. Rc1 Ba6 38. Bxa6 Rxa6 39. g3 Ra8 1/2-1/2

[Event "39th Olympiad Women"]
[Site "Khanty-Mansiysk RUS"]
[Date "2010.10.01"]
[Round "10"]
[White "Muzychuk, Mariya"]
[Black "Khukhashvili, Sopiko"]
[Result "1/2-1/2"]
[WhiteTitle "IM"]
[BlackTitle "IM"]
[WhiteElo "2464"]
[BlackElo "2422"]
[Board "3.4"]
[WhiteTeam "UKR"]
[BlackTeam "GEO"]
[WhiteFideId "14114550"]
[BlackFideId "13602055"]
[EventDate "2010.09.21"]
[EventType "team"]

1. d4 Nf6 2. c4 e6 3. g3 Bb4+ 4. Bd2 Be7 5. Bg2 d5 6. Nf3 O-O 7. O-O c6 8. Qc2
b6 9. Bf4 Bb7 10. Rd1 Na6 11. a3 Rc8 12. Nc3 Qe8 13. Ne5 Nd7 14. b3 Nxe5 15.
Bxe5 f6 16. Bf4 g5 17. Bc1 f5 18. Qd3 Nb8 19. Bb2 Nd7 20. cxd5 cxd5 21. f3 Qf7
22. Rf1 e5 23. dxe5 Nc5 24. Qd1 d4 25. Nb5 Qxb3 26. Qxb3+ Nxb3 27. Rad1 Rc2 28.
Bxd4 Ba6 29. f4 Nd2 30. Rf2 Bxb5 31. e3 gxf4 32. gxf4 Rfc8 33. Bd5+ Kf8 34.
Rfxd2 Rxd2 35. Rxd2 Rc1+ 36. Kg2 Bh4 37. e4 Bf1+ 38. Kf3 Be1 39. Rb2 Rd1 40. Be3
Bh3 41. Rb3 Bh4 42. Rc3 Bg4+ 43. Kg2 Re1 44. exf5 Re2+ 45. Kf1 Re1+ 46. Kg2 Re2+
47. Kf1 Re1+ 1/2-1/2

[Event "39th Olympiad Women"]
[Site "Khanty-Mansiysk RUS"]
[Date "2010.10.01"]
[Round "10"]
[White "Bojkovic, Natasa"]
[Black "Pogonina, Natalija"]
[Result "0-1"]
[WhiteTitle "IM"]
[BlackTitle "WGM"]
[WhiteElo "2368"]
[BlackElo "2491"]
[Board "4.1"]
[WhiteTeam "SRB"]
[BlackTeam "RUS2"]
[WhiteFideId "908550"]
[BlackFideId "4147855"]
[EventDate "2010.09.21"]
[EventType "team"]

1. e4 e5 2. Nf3 Nc6 3. Bb5 a6 4. Ba4 Nf6 5. O-O b5 6. Bb3 Bc5 7. d3 O-O 8. a4
Rb8 9. axb5 axb5 10. Be3 d6 11. Nbd2 Bb6 12. Bxb6 Rxb6 13. c3 Qe7 14. Re1 Nh5
15. Nf1 Nf4 16. Ne3 Qf6 17. Nd5 Nxd5 18. exd5 Ne7 19. Ra7 Rb7 20. Ra6 Ng6 21.
Re3 Bg4 22. Qe1 Qd8 23. Nd2 Bd7 24. Qd1 f5 25. Re1 Kh8 26. Nf3 f4 27. Nd2 Nh4
28. f3 Qg5 29. Qe2 Bh3 30. Ne4 Qg6 31. g4 fxg3 32. hxg3 Rbb8 33. Kh2 Nxf3+ 0-1

[Event "39th Olympiad Women"]
[Site "Khanty-Mansiysk RUS"]
[Date "2010.10.01"]
[Round "10"]
[White "Girya, Olga"]
[Black "Chelushkina, Irina"]
[Result "1-0"]
[WhiteTitle "WGM"]
[BlackTitle "WGM"]
[WhiteElo "2414"]
[BlackElo "2325"]
[Board "4.2"]
[WhiteTeam "RUS2"]
[BlackTeam "SRB"]
[WhiteFideId "4195752"]
[BlackFideId "928615"]
[EventDate "2010.09.21"]
[EventType "team"]

1. d4 Nf6 2. c4 g6 3. Nc3 d5 4. e3 c6 5. Nf3 Bg7 6. Bd3 O-O 7. O-O a5 8. Re1 Na6
9. a3 dxc4 10. Bxc4 Nc7 11. h3 Be6 12. Bd3 Nfe8 13. Na4 Nd6 14. Nc5 Bc8 15. Bd2
Ne6 16. Qc2 Nb5 17. Rad1 Nd6 18. Bc3 b6 19. Nxe6 Bxe6 20. e4 a4 21. Qe2 Bb3 22.
Rc1 Ra7 23. Bd2 f5 24. e5 Ne4 25. Rxc6 Kh8 26. Bc4 Qd7 27. Rxb6 Nxd2 28. Nxd2
Qxd4 29. Rb4 Qxb2 30. Qe3 Ra5 31. Nf3 Qxa3 32. Qc3 Qa2 33. Bxb3 axb3 34. Rxb3
Qa4 35. Rb7 Ra7 36. Reb1 Rxb7 37. Rxb7 Re8 38. Qc5 Qd1+ 39. Kh2 Qd8 40. Ng5 Qc8
41. Rc7 Qb8 42. f4 Bf8 43. Qc4 h6 44. Nf7+ Kh7 45. Nd6 Rd8 46. Qf7+ Kh8 47. Qxg6 1-0